Bangladesh : (Record no. 26085)
[ view plain ]
| 000 -LEADER | |
|---|---|
| fixed length control field | 00820nam a2200253 a 4500 |
| 001 - CONTROL NUMBER | |
| control field | 26085 |
| 003 - CONTROL NUMBER IDENTIFIER | |
| rucl marc code | BD-RjUL |
| 005 - DATE AND TIME OF LATEST TRANSACTION | |
| control field | 20211209050953.0 |
| 008 - FIXED-LENGTH DATA ELEMENTS--GENERAL INFORMATION | |
| fixed length control field | 140320r19841983bg b 001 0 eng |
| 035 ## - SYSTEM CONTROL NUMBER | |
| System control number | (BD-RjUL)26155 |
| 040 ## - CATALOGING SOURCE | |
| Original cataloging agency | DLC |
| Transcribing agency | DLC |
| Modifying agency | DLC |
| -- | BD-RjUL |
| Language of cataloging | eng |
| 041 ## - LANGUAGE CODE | |
| Language code of text/sound track or separate title | eng |
| 082 00 - DEWEY DECIMAL CLASSIFICATION NUMBER | |
| Classification number | 954.9205 |
| Edition number | 19 |
| Author mark and year | AHB 1984 |
| 100 1# - MAIN ENTRY--PERSONAL NAME | |
| Personal name | Ahmed, Moudud. |
| 9 (RLIN) | 80026 |
| 245 10 - TITLE STATEMENT | |
| Title | Bangladesh : |
| Remainder of title | era of Sheikh Mujibur Rahman / |
| Statement of responsibility, etc. | Moudud Ahmed. |
| 260 ## - PUBLICATION, DISTRIBUTION, ETC. (IMPRINT) | |
| Place of publication, distribution, etc. | Dhaka, Bangladesh : |
| Name of publisher, distributor, etc. | University Press, |
| Date of publication, distribution, etc. | c1983 [Reprinted 1984]. |
| 300 ## - PHYSICAL DESCRIPTION | |
| Pagination | xi, 282 p. ; |
| Size | 25 cm. |
| 504 ## - BIBLIOGRAPHY, ETC. NOTE | |
| Bibliography, etc | Includes bibliographies and index. |
| 600 00 - SUBJECT ADDED ENTRY--PERSONAL NAME | |
| Personal name | Mujibur Rahman, |
| Titles and other words associated with a name | Sheikh, |
| Dates associated with a name | 1920-1975. |
| 651 #0 - SUBJECT ADDED ENTRY--GEOGRAPHIC NAME | |
| Geographic name | Bangladesh |
| General subdivision | Politics and government. |
| 9 (RLIN) | 80155 |
| Geographic name | Bangladesh |
| General subdivision | Economic policy. |
| 9 (RLIN) | 8470 |
| 942 ## - ADDED ENTRY ELEMENTS (KOHA) | |
| Source of classification or shelving scheme | Dewey Decimal Classification |
| Koha item type | Books |
| Lost status | Source of classification or shelving scheme | Damaged status | Not for loan | Collection code | Permanent Location | Current Location | Shelving location | Date acquired | Source of acquisition | Cost, normal purchase price | Total Checkouts | Full call number | Date last seen | Copy number | Koha item type | Date checked out |
|---|---|---|---|---|---|---|---|---|---|---|---|---|---|---|---|---|
| Dewey Decimal Classification | Added to bundle | Non-fiction | Central Library, University of Rajshahi | Central Library, University of Rajshahi | Reading Room | 03/04/1984 | DULC | 200.00 | 954.9205 AHB 1984 | 20/03/2014 | C-1 | Books | ||||
| Dewey Decimal Classification | Non-fiction | Central Library, University of Rajshahi | Central Library, University of Rajshahi | 03/04/1984 | DULC | 200.00 | 2 | 954.9205 AHB 1984 | 07/05/2018 | C-2 | Books | 11/02/2018 | ||||
| Dewey Decimal Classification | Non-fiction | Central Library, University of Rajshahi | Central Library, University of Rajshahi | 24/07/1984 | DULC | 200.00 | 954.9205 AHB 1984 | 20/03/2014 | C-4 | Books | ||||||
| Dewey Decimal Classification | Non-fiction | Central Library, University of Rajshahi | Central Library, University of Rajshahi | 24/07/1984 | DULC | 200.00 | 954.9205 AHB 1984 | 20/03/2014 | C-5 | Books | ||||||
| Dewey Decimal Classification | Non-fiction | Central Library, University of Rajshahi | Central Library, University of Rajshahi | 10/04/1984 | metropolics | 150.00 | 1 | 954.9205 AHB 1983 | 26/11/2018 | C-6 | Books | 30/10/2018 | ||||
| Dewey Decimal Classification | Non-fiction | Central Library, University of Rajshahi | Central Library, University of Rajshahi | 24/07/1984 | Grontho songsta, DU. | 200.00 | 954.9205 AHB 1984 | 20/12/2016 | C-3 | Books |